000 00474nam a2200181Ia 4500
001 9390
005 20260306161715.0
008 260306t2014||||xx |||||||||||||| ||spa||
041 _aESP
082 _a378.199
_bL28
100 _aLatorre Ariño, Marino
_eAUT
245 0 _aDiseño curricular por capacidades y competencias en la educación superior
260 _c2014
300 _a335 páginas :
_c30 cm.
650 _aGEN
654 _aCED
942 _cLIB
_dJUS
_fJUS
_2ddc
_n
999 _c9390
_d9390